00803nam a2200205Ia 4500003000900000008004100009040001600050080002200066111009200088245018700180260004200367300001000409500002600419650001500445650004100460650001900501650002100520700002700541710002900568IN-BaIIA211028s9999 xx 000 0 eng d cIIA Library a523.945(063)bKIE aColloquium on the Fine Structure of the Solar ChromospherecAnacaprid1966 June 6 – 8 4aThe fine structure of the solar chromospherebcolloquium at the german solar observatory Anacapri 6 – 8 June. 1966cedited by K. O. Kipenhever  aWiesbadenbFranz Steiner Verlagc1966 a149p. aDonated by Mrs. Bappu aActive Sun aAstronomy and Astrophysics Thesaurus aSolar Activity aSolar Atmosphere aKipenhever, K. O., ed. aGerman solar observatory